Three biggest cities in each European country - Statistics

General Stats
  • This quiz has been taken 50 times
  • The average score is 87 of 131
Answer Stats
Country Answer % Correct
Austria Vienna
100%
Belgium Antwerp
98%
Germany Berlin
95%
Romania Bucharest
95%
Denmark Copenhagen
95%
Ireland Dublin
95%
Finland Helsinki
95%
Portugal Lisbon
95%
Luxembourg Luxembourg
95%
France Lyon
95%
France Marseille
95%
Belarus Minsk
95%
Norway Oslo
95%
France Paris
95%
Czech Republic Prague
95%
Italy Rome
95%
Netherlands Rotterdam
95%
Bulgaria Sofia
95%
Poland Warsaw
95%
Netherlands Amsterdam
93%
Andorra Andorra la Vella
93%
Greece Athens
93%
Spain Barcelona
93%
Slovakia Bratislava
93%
Hungary Budapest
93%
Poland Krakow
93%
Spain Madrid
93%
Italy Milan
93%
Monaco Monaco
93%
Russia (European part) Moscow
93%
Germany Munich
93%
Italy Naples
93%
Portugal Porto
93%
Russia (European part) St. Petersburg
93%
Albania Tirana
93%
Croatia Zagreb
93%
Iceland Reykjavik
91%
Latvia Riga
91%
Bosnia and Herzegovina Sarajevo
91%
Sweden Stockholm
91%
Estonia Tallinn
91%
Lithuania Vilnius
91%
Serbia Belgrade
88%
Germany Hamburg
88%
United Kingdom London
88%
Spain Valencia
88%
Vatican City Vatican City
88%
San Marino City of San Marino
86%
Ireland Cork
86%
Switzerland Geneva
86%
Ukraine Kyiv
86%
Slovenia Ljubljana
86%
Sweden Malmo
86%
Switzerland Zurich
86%
Moldova Chisinau
84%
Austria Graz
84%
Kosovo Pristina
84%
North Macedonia Skopje
84%
Netherlands The Hague
84%
Liechtenstein Vaduz
84%
Norway Bergen
81%
United Kingdom Birmingham
81%
Montenegro Podgorica
81%
Greece Thessaloniki
81%
Czech Republic Brno
79%
Croatia Split
79%
Denmark Aarhus
77%
United Kingdom Glasgow
74%
Austria Linz
74%
Poland Wroclaw
74%
Switzerland Basel
72%
Norway Trondheim
72%
Lithuania Kaunas
67%
Ukraine Kharkiv
67%
Serbia Novi Sad
67%
Finland Tampere
67%
Bulgaria Varna
67%
Romania Cluj-Napoca
65%
Hungary Debrecen
65%
Albania Durres
63%
Bulgaria Plovdiv
63%
Finland Espoo
60%
Czech Republic Ostrava
60%
Slovakia Kosice
58%
Belarus Gomel
56%
Sweden Goteborg
56%
Russia (European part) Kazan
56%
Ireland Limerick
56%
Denmark Odense
56%
Bosnia and Herzegovina Banja Luka
53%
Slovenia Maribor
51%
Croatia Rijeka
51%
Estonia Tartu
51%
Moldova Tiraspol
51%
Latvia Daugavpils
49%
Belgium Gent
49%
Serbia Nis
49%
Belgium Charleroi
47%
Romania Iasi
47%
Lithuania Klaipeda
47%
Greece Patras
40%
Liechtenstein Schaan
40%
Hungary Szeged
40%
Malta Mosta
37%
Estonia Narva
35%
Iceland Akureyri
28%
North Macedonia Bitola
28%
Luxembourg Esch-Sur-Alzette
28%
Iceland Keflavik
28%
Kosovo Prizren
28%
Bosnia and Herzegovina Tuzla
28%
Albania Vlore
28%
Montenegro Niksic
26%
Malta St. Paul's Bay
26%
Belarus Viciebsk
23%
Malta Birkirkara
21%
Andorra Escaldes-Engordany
21%
Latvia Liepaja
21%
Portugal Vila Nova de Gaia
21%
Ukraine Odesa
19%
San Marino Serravalle
19%
Slovenia Kranj
16%
Slovakia Presov
16%
Moldova Balti
14%
North Macedonia Kumanovo
14%
Montenegro Budva
12%
Liechtenstein Triesen
12%
Luxembourg Differdange
9%
Andorra Encamp
9%
San Marino Borgo Maggiore
7%
Kosovo Gjilan
5%
No matching quizzes found
Score Distribution
Percent of People with Each Score
Percentile by Number Answered
Your Score History
You have not taken this quiz